000
00204 a2200097 4500
001
9244
100
_a
Husain, A.
245
_a
The quintessence of Islam
260
_a
_b
Asia pub.
_c
090
_c
7414
_d
7414
942
_a
NUST-CAE
_c
M
_c
34061
999
_c
244317
_d
244317